| 000 | 00808cab a2200217 4500 | ||
|---|---|---|---|
| 001 | ABS41847 | ||
| 008 | 090401t1989 xxu||||| |||| 00| 0 eng d | ||
| 035 | _a(Sirsi) u32905 | ||
| 041 | _aeng | ||
| 100 | _aRodgers, C. | ||
| 245 | 4 | _aThe demise of social housing? | |
| 260 | _c1989 | ||
| 350 | _a0 | ||
| 490 |
_aNew Law Journal _v139(6342) 17 November 1989, 1565-1576 |
||
| 520 | _aExamines in detail the " Tenant`s Choice " scheme aimed at encouraging council tenants to transfer to private or housing association landlords, introduced by Housing Act 1988 Part IV and considers its implications for the role of local authorities as providers of social housing . | ||
| 650 | _aCOUNCIL HOUSING | ||
| 650 | _aPRIVATE SECTOR | ||
| 690 |
_aBlock management _96220 |
||
| 942 | _n0 | ||
| 948 | _c04/03/1997 | ||
| 999 |
_c21984 _d21984 |
||